000 00295nam a2200109Ia 4500
008 200302s9999 xx 000 0 und d
100 _aCharles K. Hoyt AIA
245 _aInterior Spaces Designed by Architects 2nd ed.
260 _bMcgraw-Hill Book Company Inc.,
260 _c1981
300 _a213 P.,
999 _c721
_d721